Sociálno-ekonomická analýza
Uložené v:
| Hlavný autor: | |
|---|---|
| Korporativný autor: | |
| Ďalší autori: | , |
| Médium: | Kniha |
| Jazyk: | Slovak |
| Vydavateľské údaje: |
Bratislava
Vydavateľstvo EKONÓM
2010
|
| Predmet: | |
| Tagy: |
Žiadne tagy, Buďte prvý, kto otaguje tento záznam!
|
MARC
| LEADER | 00000nam$a2200000$$$4500 | ||
|---|---|---|---|
| 001 | 0112843 | ||
| 005 | 20240502072244.2 | ||
| 020 | |a 978-80-225-2894-8 | ||
| 041 | 0 | |a slo | |
| 044 | |a SK | ||
| 245 | 1 | 0 | |a Sociálno-ekonomická analýza |c Pavol Vincúr |
| 264 | 1 | |a Bratislava |b Vydavateľstvo EKONÓM |c 2010 | |
| 300 | |a 110 s. [7,784 AH] | ||
| 610 | 2 | 0 | |a analýza ekonomická |
| 610 | 2 | 0 | |a analýza sociálna |
| 610 | 2 | 0 | |a input-output |
| 610 | 2 | 0 | |a účty národné |
| 610 | 2 | 0 | |a hospodárstvo národné |
| 610 | 2 | 0 | |a makroekonomika |
| 100 | 1 | |a Vincúr, Pavol | |
| 700 | 1 | |a Sodomová, Eva | |
| 700 | 1 | |a Morvay, Karol, 1973- | |
| 710 | 2 | |a Ekonomická univerzita v Bratislave. Národohospodárska fakulta | |